Belgique : une gare, sa ville (images) - Statistiques

Statistiques générales
  • Ce quiz a été pris 53 fois
  • Le résultat moyen est 5 sur 12
Statistiques - réponses
Par images Réponse % Correct
Liège
98%
Anvers
83%
Mons
70%
Charleroi
53%
Gand
51%
Namur
51%
Louvain
40%
Ostende
26%
Schaerbeek
17%
Verviers
15%
Tournai
9%
Alost
4%
Aucun quiz correspondant
Distribution des résultats
% des personnes avec chaque résultat
Percentile par nombre de réponses
Votre historique - résultats
Vous n’avez pas pris ce quiz